Регионална библиотека "Любен Каравелов" - Русе

Статистика (Запис номер 131606)

MARC детайли
000 -Лидер
Контролно поле с фиксирана дължина 01390nam a2200361 c 4500
003 - Код на организацията, давaща контролен номер
Контролно поле BLK
005 - Дата и час на последна редакция
Контролно поле 20190103131440.0
008 - Елементи от данни с фиксирана дължина
fixed length control field 180409b bul|||||r ||||||| ||bul||
010 ## - Наследен системен номер
LC control number KNG00137432000
020 ## - Международен стандартен номер на книга ISBN
Международен стандартен номер на книга ISBN 978-954-8933-70-4
-- издат.: Нова звезда
040 ## - Източник на каталожния запис
Идентификатор на билиотеката - собственик на записа BLK
041 ## - Код за език
Код за езика на текст/звукозапис или на отделно заглавие Български
Код за езика КДБФ Български
072 #7 - Код за тематичната категория
Код организация bullib
Код за тематична категория Н31
Текст Социология Н
080 ## - УДК
Текстов определител УДК Статистиката като наука. Теория на статистиката
УДК код - определител по УДК 311
УДК определител (075.8)
УДК - код + определител 311(075.8)
100 1# - Редна дума - Автор
Автор Павлова, Веселка Христова
Авторска отговорност първи автор
R(LIN) 367131
139 ## - Редно поле
Редна дума Павлова, Веселка Христова и др.
Авторски знак Павло - П 13
245 10 - Сведения за заглавието
Заглавие Статистика
Редно поле (дума) Веселка Христова Павлова; съавт. Соня Дакова Чипева.
257 ## - Страна на издаване
Страна на създаване/издаване България
260 ## - Област на издателските данни
-- София
Име на издателя, разпространителя и проч. Нова звезда
Година на издаване 2012
300 ## - Физическа характеристика
Страници 364 с.
Илюстрации и др. с табл.
Размери/Мащаб 24 см
380 ## - Жанр
Жанр Обществени науки
500 ## - Общи забележки
Забележка Библиогр. с. 363-364.
650 #4 - Допълнително описание по предмет – тема
Основно описание – тема или топоним Статистика - учебници за ВУЗ
9 (RLIN) 244587
653 ## - Ключова дума – ненормативна
Ключова дума статистика
653 ## - Ключова дума – ненормативна
Ключова дума учебници за ВУЗ
659 ## - Тематичен бюлетин
Тематичен бюлетин Н
700 1# - Други автори (авторска отговорност)
Лично име Чипева, Соня Дакова
Автороска отговорност (Описва отношението между автора и произведението) съавт.
9 (RLIN) 378254
852 ## - Местоположение
Форматна сигнатура Цб 257514
856 4# - Електронен адрес и достъп
Електронен формат pdf - файл
Път до файла /url/
856 4# - Електронен адрес и достъп
Електронен формат pdf - файл
Път до файла /url/
942 ## - АРТИКУЛИ
Вид на библиотечния материал Книги
Скрит в OPAC Не
Koha issues (borrowed), all copies 4
944 ## - СЪЗДАВАНЕ И РЕДАКЦИЯ на ЗАПИСА
Създаване/Редакция Създаване
Дата на регистрацията/редакция 17.12.2012
Статус, дата на статуса ф /
Служител, извършил регистрацията/редакцията Пенка_Димитрова
944 ## - СЪЗДАВАНЕ И РЕДАКЦИЯ на ЗАПИСА
Създаване/Редакция Редакция
Дата на регистрацията/редакция 02.09.2014
Статус, дата на статуса ф /
Служител, извършил регистрацията/редакцията
999 ## - СИСТЕМНИ КОНТРОЛНИ НОМЕРА
Koha biblionumber 131606
Koha biblioitemnumber 131606
Наличности
Код за отписване Код за изгубен артикул Код за повреда Коз за рестрикции Код за отдаване Артикулен № Име на библиотеката - собственик Име на библиотеката, в която се намира в момента Статус (Текущо местоположение) Дата на вписване в системата Местоположение - отдел Цена в лева Инвентарен номер Систематично азбучна сигнатура Баркод Номер на екземпляра Цена в евро Служебна бележка Служебен тип на артикула
  Не е изгубен Не е повреден без рестрикции ползва се в читалня 214749 Регионална библиотека "Любен Каравелов" Русе Регионална библиотека "Любен Каравелов" Русе Читалня 2012-12-17 Читалня 14.00 120000762551 Ч 31/П 13 120000762551 1 7.16 Дост: Pk Вид: Ф N: 337 Дата: 10.12.2012 Дата инв: 22.03.2017 Бележки инв: Ч2017 Книги
  Не е изгубен Не е повреден без рестрикции заемане за дома 214750 Регионална библиотека "Любен Каравелов" Русе Регионална библиотека "Любен Каравелов" Русе Заемна - подръчен фонд 2013-03-05 Заемна - подръчен фонд 11.20 120000764685 П 311/П 13 120000764685 2 5.73 Дост: Pk Вид: Ф N: 424 Дата: 03.03.2013 Дата инв: 02.02.2018 Бележки инв: П2018 Книги
  Не е изгубен Не е повреден без рестрикции ползва се в читалня 214751 Регионална библиотека "Любен Каравелов" Русе Регионална библиотека "Любен Каравелов" Русе Хранилище 2014-09-03 Хранилище 14.00 120000780082 Цб 257514 120000780082 3 7.16 Дост: Dp Вид: Д N: 46 Дата: 11.11.2013 Книги
Vip Innovations Ltd, Rousse, Bulgaria 2025